000 06056 a2200493 4500
005 20080912120432.0
008 080912t xxu||||| |||| 00| 0 hin d
010 _aHIN-80724 B-287859-877
020 _a8188060585
_c300.00
035 _aHN-53070 B-287859-877
037 _bD.B.Act / pub
040 _adpl
_bHN
082 _a
100 _aठाकुर, अंजनी कुमार
245 _aन इतो, न तस्थौ
_cअंजनी कुमार ठाकुर
246 _aNa Eto,na Tastho
_bby Anjani Kumar Thakur
260 _aनई दिल्ली
_bसुनील साहित्य सदन
_c2007
270 _a3320-21, जटवाड़ा,दरियागंज
_bनई दिल्ली
_e110002
300 _a304पृ
_c22 सेमी (सजिल्द)
650 _aहिन्दी उपन्यास
650 _aHindi Novel
942 _adpl
_cHN
_2ddc
_h
_mठाकुर
999 _c6968
_d6968